Welcome to CU Library Online Public Access Catalogue (OPAC)

SEARCH FOR IDENTITY (Record no. 6053)

MARC details
000 -LEADER
fixed length control field 00316nam a22001217a 4500
005 - DATE AND TIME OF LATEST TRANSACTION
control field 20250529173459.0
008 - FIXED-LENGTH DATA ELEMENTS--GENERAL INFORMATION
fixed length control field 250529b |||||||| |||| 00| 0 eng d
100 ## - MAIN ENTRY--PERSONAL NAME
Personal name JABAY, EARL
245 ## - TITLE STATEMENT
Title SEARCH FOR IDENTITY
260 ## - PUBLICATION, DISTRIBUTION, ETC.
Place of publication, distribution, etc. CALIFORNIA
Name of publisher, distributor, etc. RONALD N. HAYNES PUBLISHERS, INC.
Date of publication, distribution, etc. c1981
300 ## - PHYSICAL DESCRIPTION
Extent 190P
942 ## - ADDED ENTRY ELEMENTS (KOHA)
Source of classification or shelving scheme Library of Congress Classification
Koha item type Books
Suppress in OPAC No
999 ## -
-- 6053
-- 6053
Holdings
Withdrawn status Lost status Source of classification or shelving scheme Damaged status Not for loan Collection Home library Current library Shelving location Date acquired Total checkouts Full call number Barcode Date last seen Copy number Price effective from Koha item type
    Library of Congress Classification     Non-fiction Undergraduate Library (Christ Temple) Undergraduate Library (Christ Temple) General stacks 05/29/2025   BV4012.3 JAB ulct00002745 05/29/2025 1 05/29/2025 Books
© 2023-2024 Copyright: Central University Libraries. All Rights Reserved | Created by: Mahone Tech Office